DEBATES SOBRE PSICOLOGIA, FILOSOFIA Y MARXISMO /

TRADUCCION DE: PSYCHOLOGIE ET MARXISME

Kaydedildi:
Detaylı Bibliyografya
Diğer Yazarlar: Piaget, Jean (autor) (autor)
Materyal Türü: Kitap
Konular:
Etiketler: Etiketle
Etiket eklenmemiş, İlk siz ekleyin!

MARC

LEADER 00000nam^a2200000^a^4500
001 000244578
005 20250521000000.0
009 20260310105427.826
035 |a 067907 
037 |a Acervo Xavier Clavigero 
082 |a 150.  |b DEB 
245 1 0 |a DEBATES SOBRE PSICOLOGIA, FILOSOFIA Y MARXISMO /  |c JEAN PIAGET ... [ ET AL.] ; TR. VICTOR A. GOLDSTEIN 
264 |a BUENOS AIRES :  |b AMORRORTU,  |c 1973 
300 |a 156 p. 
336 |a texto  |b txt  |2 rdacontenido 
337 |a sin mediación  |b n  |2 rdamedio 
338 |a volumen  |b nc  |2 rdasoporte 
520 |a TRADUCCION DE: PSYCHOLOGIE ET MARXISME 
649 |a XX 
650 |a PSICOLOGIA. 
650 |a Filosofía 
650 |a Comunismo 
700 |a Piaget, Jean  |e (autor) 
910 |a Fondo General 
920 |a Impresos - Libros 
930 |a Colección General 
905 |a 101 
901 |a 067907  |b IT1  |c ACC  |i 067907  |u 20250521 
902 |a https://opac.biblio.iteso.mx/vufind/Record/000244578